Architecture and Mathematics in Ancient Egypt / (Record no. 10523)
[ view plain ]
| 000 -LEADER | |
|---|---|
| fixed length control field | 02364cam a22003857a 4500 |
| 090 ## - LOCALLY ASSIGNED LC-TYPE CALL NUMBER (OCLC); LOCAL CALL NUMBER (OCLC) | |
| -- | 0 |
| 001 - CONTROL NUMBER | |
| control field | 15073495 |
| 005 - DATE AND TIME OF LATEST TRANSACTION | |
| control field | 20071130082745.0 |
| 008 - FIXED-LENGTH DATA ELEMENTS--GENERAL INFORMATION | |
| fixed length control field | 071106t20072003enka b 001 0 eng d |
| 010 ## - LIBRARY OF CONGRESS CONTROL NUMBER | |
| LC control number | 2007281750 |
| 020 ## - INTERNATIONAL STANDARD BOOK NUMBER | |
| International Standard Book Number | 9780521690539 (pbk.) |
| 020 ## - INTERNATIONAL STANDARD BOOK NUMBER | |
| International Standard Book Number | 9780521829540 |
| 035 ## - SYSTEM CONTROL NUMBER | |
| System control number | (OCoLC)ocn149011738 |
| 040 ## - CATALOGING SOURCE | |
| Original cataloging agency | BTCTA |
| Transcribing agency | BTCTA |
| Modifying agency | BAKER |
| -- | KUT |
| -- | DLC |
| 042 ## - AUTHENTICATION CODE | |
| Authentication code | lccopycat |
| 043 ## - GEOGRAPHIC AREA CODE | |
| Geographic area code | f-ua--- |
| 050 00 - LIBRARY OF CONGRESS CALL NUMBER | |
| Classification number | NA215 |
| Item number | .R67 2007 |
| 082 04 - DEWEY DECIMAL CLASSIFICATION NUMBER | |
| Classification number | 722.2 |
| Edition number | 21 |
| Item number | ROS |
| 100 1# - MAIN ENTRY--PERSONAL NAME | |
| Personal name | Rossi, Corinna. |
| 245 10 - TITLE STATEMENT | |
| Title | Architecture and Mathematics in Ancient Egypt / |
| Statement of responsibility, etc | Corinna Rossi. |
| 260 ## - PUBLICATION, DISTRIBUTION, ETC. (IMPRINT) | |
| Place of publication, distribution, etc | Cambridge, UK : |
| Name of publisher, distributor, etc | Cambridge University Press, |
| Date of publication, distribution, etc | c2003. |
| 300 ## - PHYSICAL DESCRIPTION | |
| Extent | xxii, 280 p. : |
| Other physical details | ill. ; |
| Dimensions | 25 cm. |
| 500 ## - GENERAL NOTE | |
| General note | "First published 2003/Reprinted with corrections 2006"--T.p. verso. |
| 504 ## - BIBLIOGRAPHY, ETC. NOTE | |
| Bibliography, etc | Includes bibliographical references and index. |
| 505 0# - FORMATTED CONTENTS NOTE | |
| Formatted contents note | Pt. I. Proportions in ancient Egyptian architecture. Introd. to Pt. I. Harmony and proportions in architecture -- 1. In search of "the rule" for ancient Egyptian architecture -- 2. Mathematics and architecture in ancient Egypt -- Pt. II. Ancient Egyptian sources : construction and representation of space. Introd. to Pt. II. tradition and variations in ancient Egyptian art and architecture -- 3. Documents on the planning and building process -- 4. Foundation rituals -- Pt. III. The geometry of pyramids. Introd. to Pt. III. combining the knowledge -- 5. Symbolic shape and constructional problems -- 6. The proportions of pyramids -- 7. Pyramids and triangles -- An overview -- Appendix. List of Old and Middle Kingdom true pyramids. |
| 650 #0 - SUBJECT ADDED ENTRY--TOPICAL TERM | |
| Topical term or geographic name as entry element | Architecture, Ancient |
| Geographic subdivision | Egypt. |
| 650 #0 - SUBJECT ADDED ENTRY--TOPICAL TERM | |
| Topical term or geographic name as entry element | Architecture |
| Geographic subdivision | Egypt |
| General subdivision | Mathematics. |
| 650 #0 - SUBJECT ADDED ENTRY--TOPICAL TERM | |
| Topical term or geographic name as entry element | Pyramids |
| Geographic subdivision | Egypt. |
| 856 42 - ELECTRONIC LOCATION AND ACCESS | |
| Materials specified | Contributor biographical information |
| Uniform Resource Identifier | <a href="http://www.loc.gov/catdir/enhancements/fy0805/2007281750-b.html">http://www.loc.gov/catdir/enhancements/fy0805/2007281750-b.html</a> |
| 856 42 - ELECTRONIC LOCATION AND ACCESS | |
| Materials specified | Publisher description |
| Uniform Resource Identifier | <a href="http://www.loc.gov/catdir/enhancements/fy0805/2007281750-d.html">http://www.loc.gov/catdir/enhancements/fy0805/2007281750-d.html</a> |
| 856 41 - ELECTRONIC LOCATION AND ACCESS | |
| Materials specified | Table of contents only |
| Uniform Resource Identifier | <a href="http://www.loc.gov/catdir/enhancements/fy0805/2007281750-t.html">http://www.loc.gov/catdir/enhancements/fy0805/2007281750-t.html</a> |
| 942 ## - ADDED ENTRY ELEMENTS (KOHA) | |
| Source of classification or shelving scheme | Dewey Decimal Classification |
| Item type | Book - Borrowing |
| Withdrawn status | Item status | Source of classification or shelving scheme | Damaged status | Not for loan | Vendor | Home library | Current library | Shelving location | Date acquired | Source of acquisition | Cost, normal purchase price | Serial Enumeration / chronology | Total Checkouts | Total Renewals | Full call number | Barcode | Checked out | Date last seen | Date last borrowed | Koha item type |
|---|---|---|---|---|---|---|---|---|---|---|---|---|---|---|---|---|---|---|---|---|
| Dewey Decimal Classification | Alahram | Central Library | Central Library | Second Floor | 29/01/2009 | 245.40 | 6463 | 4 | 66 | 722.2 ROS | 000014380 | 14/05/2026 | 29/09/2021 | 29/09/2021 | Book - Borrowing |